Capitals Of Africa! - Statistics

General Stats
  • This quiz has been taken 109 times
  • The average score is 36 of 54
Answer Stats
Country Capital City % Correct
Algeria Algiers
97%
South Africa PretoriaCape Town Bloemfontein
97%
Egypt Cairo
92%
Tunisia Tunis
90%
Djibouti Djibouti
87%
Kenya Nairobi
87%
Morocco Rabat
87%
Guinea-Bissau Bissau
85%
Senegal Dakar
85%
Congo, Democratic Republic of the Kinshasa
85%
Congo, Republic of the Brazzaville
82%
Sierra Leone Freetown
82%
Sao Tome and Principe São Tomé
82%
Nigeria Abuja
79%
Ethiopia Addis Ababa
79%
Libya Tripoli
79%
Ghana Accra
77%
Angola Luanda
77%
Madagascar Antananarivo
74%
South Sudan Juba
74%
Uganda Kampala
74%
Somalia Mogadishu
74%
Seychelles Victoria
74%
Zimbabwe Harare
72%
Sudan Khartoum
72%
Benin Porto-Novo
69%
Gabon Libreville
67%
Togo Lomé
67%
Namibia Windhoek
67%
Central African Republic Bangui
62%
Guinea Conakry
62%
Rwanda Kigali
62%
Zambia Lusaka
62%
Liberia Monrovia
62%
Cameroon Yaounde
62%
Tanzania Dodoma
59%
Chad N'Djamena
59%
Burkina Faso Ouagadougou
59%
Cabo Verde Praia
59%
Botswana Gaborone
54%
Mozambique Maputo
54%
Mauritius Port Louis
54%
Eritrea Asmara
51%
Gambia Banjul
51%
Equatorial Guinea Malabo/Oyala
49%
Eswatini Mbabane
49%
Niger Niamey
49%
Mali Bamako
46%
Comoros Moroni
46%
Cote d'Ivoire Yamoussoukro
46%
Burundi Gitega
41%
Malawi Lilongwe
41%
Lesotho Maseru
41%
Mauritania Nouakchott
36%
No matching quizzes found
Score Distribution
Percent of People with Each Score
Percentile by Number Answered
Your Score History
You have not taken this quiz